[Event "Varadero op-A"]
[Site "Varadero"]
[Date "2023.10.04"]
[Round "4"]
[White "Frank, Powers Roibal"]
[Black "Diaz Bombino, Esley"]
[Result "1/2-1/2"]
[WhiteElo "1987"]
[BlackElo "1914"]
[PlyCount "64"]
[EventDate "2023.10.03"]
[EventType "swiss"]
[EventRounds "9"]
[EventCountry "CUB"]
[SourceTitle "EXT 2025"]
[Source "ChessBase"]
[SourceDate "2024.10.14"]
[SourceVersion "1"]
[SourceVersionDate "2024.10.14"]
[SourceQuality "1"]

1. d4 d5 2. Nf3 Nf6 3. c3 e6 4. Bg5 Be7 5. Nbd2 b6 6. e3 Bb7 7. Bb5+ Nbd7 8. Ne5 0-0 9. Nc6 Bxc6 10. Bxc6 Rc8 11. f4 Ne8 12. Bxe7 Qxe7 13. 0-0 f5 14. Qa4 Nb8 15. Bxe8 Qxe8 16. Qxa7 Qb5 17. Qa3 Qd3 18. Nb3 Qxe3+ 19. Kh1 Rf6 20. Rae1 Qd3 21. Qe7 Qb5 22. Rf3 Nc6 23. Qa3 Rff8 24. Nc1 Ra8 25. Qb3 Qxb3 26. axb3 Ra1 27. Rfe3 Rf6 28. Nd3 Rxe1+ 29. Rxe1 Kf7 30. Ra1 Ke7 31. b4 Rf8 32. b5 Na5 1/2-1/2

[Event "Varadero op-A"]
[Site "Varadero"]
[Date "2023.10.03"]
[Round "2"]
[White "Frank, Powers Roibal"]
[Black "Hernandez Ostos, Leonardo"]
[Result "1-0"]
[WhiteElo "1987"]
[BlackElo "1962"]
[PlyCount "119"]
[EventDate "2023.10.03"]
[EventType "swiss"]
[EventRounds "9"]
[EventCountry "CUB"]
[SourceTitle "EXT 2025"]
[Source "ChessBase"]
[SourceDate "2024.10.14"]
[SourceVersion "1"]
[SourceVersionDate "2024.10.14"]
[SourceQuality "1"]

1. d4 Nf6 2. Nf3 g6 3. Bg5 Ne4 4. Bh4 Bg7 5. Nbd2 Nxd2 6. Qxd2 c5 7. e3 0-0 8. Bd3 d5 9. c3 Nc6 10. h3 c4 11. Bc2 b5 12. e4 Bb7 13. e5 a5 14. 0-0 Bc8 15. Nh2 b4 16. Ba4 Ra6 17. Bb5 Rb6 18. Bxc6 bxc3 19. bxc3 Rxc6 20. Rab1 Re8 21. Rb8 Rb6 22. Rb1 Rxb1+ 23. Rxb1 Bd7 24. Nf1 Qc7 25. Qb2 f6 26. exf6 exf6 27. Ne3 Qf4 28. Qb7 Be6 29. Qc6 Bf7 30. Bg3 Qe4 31. Rb7 f5 32. Qc7 Qe6 33. Bf4 Bf6 34. Rb6 Qe7 35. Qc6 Bg5 36. Be5 Bxe3 37. fxe3 Qg5 38. Bf4 Qd8 39. Rb8 Qe7 40. Rb7 Qe6 41. Qc7 a4 42. Qa5 Qc6 43. Qa7 Qe6 44. Qxa4 Re7 45. Qa8+ Re8 46. Qa7 Qf6 47. Be5 Qe6 48. a4 g5 49. a5 f4 50. exf4 gxf4 51. Qb6 Qf5 52. Qh6 Rxe5 53. dxe5 Qxe5 54. Qh4 h5 55. Qe7 Qf5 56. Qxf7+ Qxf7 57. Rxf7 Kxf7 58. a6 d4 59. a7 dxc3 60. a8Q 1-0